000 00631nam a2200217 a 4500
001 21959
003 CO-ViMGA
008 141112s2004 ck r 000 u spa d
020 _a8476470118
040 _aCO-ViMGA
_bspa
_cCO-ViMGA
082 0 4 _aRODm
100 1 _aRodríguez Almodovar, Antonio
_949927
245 1 0 _aEl mono caprichoso
260 _aMadrid :
_bAlgaida,
_c1985
300 _a15
490 _aCuentos de media lunita; 1
590 _aForma de adquisición : Compra - - Precio : 4000 - - Proveedor : Cerlac
650 1 4 _aCUENTOS INFANTILES
_92743
650 1 4 _aMONOS - CUENTOS INFANTILES
_931394
942 _2ddc
_cBK
999 _c30495
_d30495